Século XX no Brasil - Dentro de 10 Anos - Statistics

Estatísticas Gerais
  • Esse quiz foi jogado 70 vezes
  • A pontuação média é 10 de 16
Estatísticas das Respostas
Evento Ano % Correto
Brasília é inaugurada como nova capital do país 1960
96%
Ditadura militar se inicia após deposição do presidente João Goulart 1964
92%
A atual Constituição brasileira é promulgada 1988
88%
Plano Real é implementado 1994
88%
Brasil ganha sua primeira Copa do Mundo 1958
84%
Golpe de estado torna Getúlio Vargas presidente do Brasil 1930
76%
Brasil entra oficialmente na Segunda Guerra Mundial 1942
74%
Ato Institucional nº 5 é instituído, endurecendo a repressão do governo militar 1968
64%
Semana de Arte Moderna acontece em São Paulo 1922
54%
Estátua do Cristo Redentor é inaugurada 1931
48%
Petrobras é criada 1953
48%
Getúlio Vargas tira a própria vida no Palácio do Catete 1954
46%
Primeiro navio com imigrantes japoneses chega ao Brasil 1908
32%
Território do Acre é comprado da Bolívia 1903
28%
Goiânia é inaugurada como nova capital de Goiás 1933
26%
Usina Hidrelétrica de Itaipu começa a produzir energia 1984
20%
Nenhum quiz correspondente encontrado
Distribuição das Pontuações
Porcentagem de Pessoas com Cada Pontuação
Percentil de Números Respondidos
Sua Pontuação Histórica
Você não jogou esse quiz